00565cam a22002051 4500001001300000003000400013005001700017008004100034010001700075035002000092040001800112042001200130050001700142110001700159245010900176260002900285300001800314650001000332999001700342sa 68013048 DLC20260227112619.0890526s1964 io 000 0 ind  asa 68013048  a(OCoLC)23565618 aDLCcMiUdDLC apremarc00aNK9503b.J652 aJosoboesono.10aPenuntun praktek hal resè€p batik;buntuk berdikari dalam usaha batik keradjinan, batik indusktri, dll. a[Solo,bSelamat,c1964?] a56 p.c21 cm. 0aBatik c84914d84914